Central Library OPAC University of Rajshahi

Dynamics of human behaviour at work / (Record no. 15480)

MARC details
000 -LEADER
fixed length control field 00712nam a22002417a 4500
001 - CONTROL NUMBER
control field 15480
003 - CONTROL NUMBER IDENTIFIER
rucl marc code BD-RjUL
005 - DATE AND TIME OF LATEST TRANSACTION
control field 20211208235826.0
008 - FIXED-LENGTH DATA ELEMENTS--GENERAL INFORMATION
fixed length control field 140210s1981 ii ||||| |||| 001 0 eng d
035 ## - SYSTEM CONTROL NUMBER
System control number (BD-RjUL)15534
040 ## - CATALOGING SOURCE
Original cataloging agency BD-RjUL
Language of cataloging eng
Transcribing agency BD-RjUL
Modifying agency BD-RjUL
041 ## - LANGUAGE CODE
Language code of text/sound track or separate title eng
082 ## - DEWEY DECIMAL CLASSIFICATION NUMBER
Classification number 658.406
Author mark and year DWD 1981
100 1# - MAIN ENTRY--PERSONAL NAME
Personal name Dwivedi, R.S.
9 (RLIN) 48084
245 10 - TITLE STATEMENT
Title Dynamics of human behaviour at work /
Statement of responsibility, etc. R.S.Dwivedi.
260 ## - PUBLICATION, DISTRIBUTION, ETC. (IMPRINT)
Place of publication, distribution, etc. New Delhi ;
-- Calcata:
Name of publisher, distributor, etc. Oxford & IBH,
Date of publication, distribution, etc. ©1981.
300 2# - PHYSICAL DESCRIPTION
Pagination xiv, 599 p. :
Illustrations ill. ;
Size 22 cm.
500 ## - GENERAL NOTE
General note Articles; previously published.
504 ## - BIBLIOGRAPHY, ETC. NOTE
Bibliography, etc Includes Index.
650 #0 - SUBJECT ADDED ENTRY--TOPICAL TERM
Topical term or geographic name as entry element Management.
9 (RLIN) 48085
Topical term or geographic name as entry element Human behavior.
9 (RLIN) 48086
942 ## - ADDED ENTRY ELEMENTS (KOHA)
Source of classification or shelving scheme Dewey Decimal Classification
Koha item type Books
Holdings
Lost status Source of classification or shelving scheme Damaged status Not for loan Collection code Permanent Location Current Location Shelving location Date acquired Source of acquisition Cost, normal purchase price Total Checkouts Full call number Date last seen Copy number Koha item type
  Dewey Decimal Classification   Not For Loan Non-fiction Central Library, University of Rajshahi Central Library, University of Rajshahi Reading Room 27/07/1982 Aligarh Library, Rajshahi 87.00   658.406 DWD 1981 10/02/2014 C-1 Books
  Dewey Decimal Classification     Non-fiction Central Library, University of Rajshahi Central Library, University of Rajshahi   27/07/1982 Aligarh library,Rajshahi 87.00   658.406 DWD 1981 15/10/2018 C-2 Books
  Dewey Decimal Classification     Non-fiction Central Library, University of Rajshahi Central Library, University of Rajshahi   27/07/1982 Aligar Library, Rajshahi 87.00   658.406 DWD 1981 24/06/2019 C-3 Books
  Dewey Decimal Classification     Non-fiction Central Library, University of Rajshahi Central Library, University of Rajshahi   27/07/1982 Aligar Library, Rajshahi 87.00   658.406 DWD 1981 06/07/2019 C-4 Books
  Dewey Decimal Classification     Non-fiction Central Library, University of Rajshahi Central Library, University of Rajshahi   27/07/1982 Aligarth Library , Rajshahi 87.00   658.406 DWD 1981 01/12/2019 C-5 Books